[Event "SWE-chT 0708"]
[Site "Sweden"]
[Date "2008.01.12"]
[Round "6"]
[White "Svenn, Gosta"]
[Black "Sagit, Rauan"]
[Result "1/2-1/2"]
[WhiteElo "2362"]
[BlackElo "2353"]
[PlyCount "97"]
[EventDate "2007.10.19"]
[EventType "team"]
[EventRounds "11"]
[EventCountry "SWE"]
[SourceTitle "EXT 2009"]
[Source "ChessBase"]
[SourceDate "2008.11.26"]
[SourceVersion "1"]
[SourceVersionDate "2008.11.26"]
[SourceQuality "1"]
[WhiteTeam "Kamraterna"]
[BlackTeam "Manhem"]
[WhiteTeamCountry "SWE"]
[BlackTeamCountry "SWE"]

1. d4 Nf6 2. c4 e6 3. Nf3 b6 4. a3 Bb7 5. Nc3 d5 6. cxd5 Nxd5 7. Qc2 Nxc3 8. bxc3 Be7 9. e4 0-0 10. Bd3 c5 11. 0-0 Qc8 12. Qe2 Ba6 13. Bf4 Bxd3 14. Qxd3 Rd8 15. Rfd1 Qa6 16. Qe3 cxd4 17. cxd4 Nd7 18. e5 Rdc8 19. d5 Bc5 20. Qe4 Nf8 21. Ng5 h6 22. dxe6 fxe6 23. Nf3 Rd8 24. a4 Rac8 25. h3 Be7 26. Rxd8 Rxd8 27. Rc1 Bc5 28. Qc2 Qd3 29. a5 Qxc2 30. Rxc2 Rd1+ 31. Kh2 Rd5 32. axb6 axb6 33. Be3 Nd7 34. Bxc5 bxc5 35. Re2 Kf7 36. Kg3 c4 37. Rc2 Nb6 38. Kf4 Rc5 39. Ke4 c3 40. Nd4 Na4 41. Ne2 g5 42. g3 Ke7 43. f4 gxf4 44. gxf4 Rc4+ 45. Kd3 Nb2+ 46. Ke3 Nd1+ 47. Kd3 Nb2+ 48. Ke3 Nd1+ 49. Kd3 1/2-1/2

[Event "SWE-chT 0708"]
[Site "Sweden"]
[Date "2007.11.18"]
[Round "5"]
[White "Svenn, Gosta"]
[Black "Carlsson, Daniel"]
[Result "1/2-1/2"]
[WhiteElo "2362"]
[BlackElo "2307"]
[PlyCount "98"]
[EventDate "2007.10.19"]
[EventType "team"]
[EventRounds "11"]
[EventCountry "SWE"]
[SourceTitle "EXT 2009"]
[Source "ChessBase"]
[SourceDate "2008.11.26"]
[SourceVersion "1"]
[SourceVersionDate "2008.11.26"]
[SourceQuality "1"]
[WhiteTeam "Kamraterna"]
[BlackTeam "Limhamn"]
[WhiteTeamCountry "SWE"]
[BlackTeamCountry "SWE"]

1. d4 Nf6 2. c4 e6 3. Nf3 d5 4. g3 Be7 5. Bg2 0-0 6. 0-0 Nbd7 7. Qc2 c5 8. cxd5 Nxd5 9. Nc3 Nb4 10. Qb3 a5 11. a3 cxd4 12. Nxd4 Na6 13. Rd1 Nac5 14. Qc2 a4 15. Be3 Qa5 16. Rac1 Nb6 17. Ne4 Ncd7 18. Nf3 Nd5 19. Bd4 Ra6 20. Nc3 N5b6 21. Ne4 Nd5 22. Qd2 Qb5 23. Nc3 Nxc3 24. Qxc3 Rc6 25. Qe3 Rxc1 26. Rxc1 Bf6 27. Bxf6 Nxf6 28. Qc5 Bd7 29. Qxb5 Bxb5 30. Nd4 Ba6 31. Rc7 Rb8 32. e3 Kf8 33. Bf3 Ne8 34. Rc5 Nd6 35. Ra5 Rc8 36. g4 Rc1+ 37. Kg2 Rb1 38. Rxa4 Rxb2 39. Rb4 Ra2 40. a4 Ke7 41. g5 h6 42. gxh6 gxh6 43. Nb5 Nf5 44. Kg1 Kf6 45. h3 Ra1+ 46. Kh2 Ra2 47. Kg1 Ra1+ 48. Kh2 Ra2 49. Kg1 Ra1+ 1/2-1/2

[Event "SWE-chT 0506"]
[Site "Sweden"]
[Date "2006.??.??"]
[Round "9"]
[White "Svenn, Gosta"]
[Black "Niklasson, Christer"]
[Result "1/2-1/2"]
[WhiteElo "2385"]
[BlackElo "2423"]
[PlyCount "57"]
[EventDate "2005.10.??"]
[EventType "team"]
[EventRounds "11"]
[EventCountry "SWE"]
[SourceTitle "EXT 2008"]
[Source "ChessBase"]
[SourceDate "2007.11.25"]
[SourceVersion "1"]
[SourceVersionDate "2007.11.25"]
[SourceQuality "1"]
[WhiteTeam "Kamraterna"]
[BlackTeam "Lund"]
[WhiteTeamCountry "SWE"]
[BlackTeamCountry "SWE"]

1. Nf3 f5 2. c4 Nf6 3. Nc3 g6 4. g3 Bg7 5. Bg2 0-0 6. 0-0 d6 7. d3 e5 8. Rb1 Nc6 9. Bg5 h6 10. Bxf6 Qxf6 11. b4 Be6 12. Nd2 a6 13. a4 Rae8 14. b5 axb5 15. axb5 Nd8 16. Nd5 Qf7 17. Qa4 Bc8 18. Rbc1 Ne6 19. Qa5 g5 20. Rfe1 g4 21. e3 Kh8 22. Rc2 Rg8 23. Ra2 h5 24. Qb4 Nc5 25. Bf1 Be6 26. Nc3 Rgf8 27. Nb3 Nxb3 28. Qxb3 Ra8 29. Rea1 1/2-1/2